Možnosti použitia vysokoúčinných meničov pre konštrukciu fotobleskov : EL-F 73/5 Záverečná správa

Na minha lista:
Detalhes bibliográficos
Autor principal: Podhradský, Pavol, 1943- (Author)
Outros Autores: Petrík, Teodor (Research team head)
Formato: Livro
Publicado em: Bratislava : SVŠT v Bratislave EF, 1974
Tags: Adicionar Tag
Sem tags, seja o primeiro a adicionar uma tag!

MARC

LEADER 00000nam a22000003a 4500
001 stu235727
005 20160422111526.0
008 111007s1974----------------------------d
040 |a STU  |b slo 
041 0
100 1 |a Petrík, Teodor  |4 rth 
245 1 |a Možnosti použitia vysokoúčinných meničov pre konštrukciu fotobleskov :  |b EL-F 73/5 Záverečná správa 
260 |a Bratislava :  |b SVŠT v Bratislave EF,  |c 1974 
300 |a 67 s 
700 1 |a Podhradský, Pavol,  |d 1943-  |4 aut  |u E240  |U FEI Fakulta elektrotechniky a informatiky  |T FEI Katedra telekomunikácií  |X 2148  |U E240  |Y 72  |7 A000002148 
996 |b EVYSK-S-160  |c E*VYSK-S-160  |l E  |s P  |a 0  |w stu235727_0001